000 00776nas a2200241 4500
001 BR7808108
003 BR-BrBNA
005 20231205083600.0
007 ta
008 230509b bl.|||p| |||| 00| 00por d
040 _aBR-BrBNA
_bpor
_cBiblioteca Nacional de Agricultura
041 _a(Pt)
072 _aF01
100 1 _aCastro, J.R. de
100 1 _aMoura, A.R.B. de
245 1 _aCompeticao de variedades cultivadas de sorgo granifero (Sorghum Bicolor (L.)Moench)em Mossoro, Estado do Rio Grande do Norte, Brasil
650 _aSORGO GRANIFERO
650 _aVARIEDADE
650 _aRIO GRANDE DO NORTE
773 0 _tCaatinga (Brazil)
_xISSN 0100-316X
_g(Dec 1978), v. 3(1-2) p. 28-34
_wBR7808108
909 _a202311
_bLúcia
_c55
_dLúcia Elande
942 _2AGRIS
_n0
_cANA
999 _c99837
_d99837